Phê bình, bình luận văn học; T22 Ca dao tục ngữ

में बचाया:
ग्रंथसूची विवरण
स्वरूप: पुस्तक
भाषा:Undetermined
प्रकाशित: Tp. HCM Văn Nghệ 1997
विषय:
टैग : टैग जोड़ें
कोई टैग नहीं, इस रिकॉर्ड को टैग करने वाले पहले व्यक्ति बनें!
Thư viện lưu trữ: Trung tâm Học liệu Trường Đại học Cần Thơ
LEADER 00529nam a2200181Ia 4500
001 CTU_22019
008 210402s9999 xx 000 0 und d
020 |b 12.000đ 
082 |a 809 
082 |b Ph250b/T22 
245 0 |a Phê bình, bình luận văn học; T22 
245 0 |b Ca dao tục ngữ 
260 |a Tp. HCM 
260 |b Văn Nghệ 
260 |c 1997 
650 |a folk literature, vietnamese - history and criticism 
904 |i Minh, 980226 
980 |a Trung tâm Học liệu Trường Đại học Cần Thơ